Bharatar siksha itihasar adhyayan. (Record no. 1714)
[ view plain ]
| 000 -LEADER | |
|---|---|
| fixed length control field | 00467cam a2200181ua 4500 |
| 008 - FIXED-LENGTH DATA ELEMENTS--GENERAL INFORMATION | |
| fixed length control field | 110811n ii |||gr||||Z||||||asm |
| 040 ## - CATALOGING SOURCE | |
| Transcribing agency | MAIN |
| 082 ## - DEWEY DECIMAL CLASSIFICATION NUMBER | |
| Classification number | 370.54 |
| 100 ## - MAIN ENTRY--PERSONAL NAME | |
| Personal name | Baruah, Jatin., |
| 245 11 - TITLE STATEMENT | |
| Title | Bharatar siksha itihasar adhyayan. |
| Statement of responsibility, etc. | By Jatin Baruah. |
| 250 ## - EDITION STATEMENT | |
| Edition statement | 1st. |
| 260 ## - PUBLICATION, DISTRIBUTION, ETC. | |
| Place of publication, distribution, etc. | Gowahati: |
| Name of publisher, distributor, etc. | Lawers book stall.,999. |
| 300 ## - PHYSICAL DESCRIPTION | |
| Extent | 518 p.: |
| Dimensions | 23 cm. |
| 942 ## - ADDED ENTRY ELEMENTS (KOHA) | |
| Koha item type | Books |
| 653 ## - INDEX TERM--UNCONTROLLED | |
| Uncontrolled term | Education. |
| 653 ## - INDEX TERM--UNCONTROLLED | |
| Uncontrolled term | Bharatar siksha itihasar adhyayan. |
| Withdrawn status | Lost status | Damaged status | Not for loan | Home library | Current library | Shelving location | Date acquired | Total Checkouts | Full call number | Barcode | Date last seen | Date last checked out | Copy number | Price effective from | Koha item type |
|---|---|---|---|---|---|---|---|---|---|---|---|---|---|---|---|
| Central Library, Naharkatiya College | Central Library, Naharkatiya College | General Stacks | 19/09/2020 | 2 | 370.54 | BAR | 11705 | 02/01/2021 | 15/12/2020 | 2 | 19/09/2020 | Books | ||||
| Central Library, Naharkatiya College | Central Library, Naharkatiya College | General Stacks | 19/09/2020 | 2 | 370.54 | BAR | 11706 | 27/01/2021 | 02/01/2021 | 1 | 19/09/2020 | Books | ||||
| Central Library, Naharkatiya College | Central Library, Naharkatiya College | General Stacks | 19/09/2020 | 3 | 370.54 | BAR | 11707 | 24/04/2021 | 01/04/2021 | 3 | 19/09/2020 | Books | ||||
| Central Library, Naharkatiya College | Central Library, Naharkatiya College | General Stacks | 19/09/2020 | 8 | 370.54 | BAR | 11708 | 11/08/2021 | 01/04/2021 | 4 | 19/09/2020 | Books |
